000 00321nam a22001337a 4500
008 171019b xxu||||| |||| 00| 0 eng d
020 _a9780256224450
041 _aeng
080 _24 ED
_a338
100 _a53
101 _aMEN
245 _aCORPORATE INFORMATION SYSTEMS MANAGEMENT
_cLYNDA,M
942 _2udc
_cBK
999 _c34824
_d34824